<?xml version="1.0" encoding="UTF-8"?>
<record
    xmlns:xsi="http://www.w3.org/2001/XMLSchema-instance"
    xsi:schemaLocation="http://www.loc.gov/MARC21/slim http://www.loc.gov/standards/marcxml/schema/MARC21slim.xsd"
    xmlns="http://www.loc.gov/MARC21/slim">

  <leader>00379nam a2200145Ia 4500</leader>
  <controlfield tag="008">230718s9999    xx            000 0 und d</controlfield>
  <datafield tag="041" ind1=" " ind2=" ">
    <subfield code="a">eng</subfield>
  </datafield>
  <datafield tag="082" ind1=" " ind2=" ">
    <subfield code="a">781.2</subfield>
    <subfield code="b">BER</subfield>
  </datafield>
  <datafield tag="100" ind1=" " ind2=" ">
    <subfield code="a">Beran J.</subfield>
    <subfield code="9">162723</subfield>
  </datafield>
  <datafield tag="245" ind1=" " ind2=" ">
    <subfield code="a">Statistics In Musicology</subfield>
  </datafield>
  <datafield tag="260" ind1=" " ind2=" ">
    <subfield code="b">Chapman And Hall</subfield>
  </datafield>
  <datafield tag="365" ind1=" " ind2=" ">
    <subfield code="c">Rs.</subfield>
    <subfield code="b">4648.54</subfield>
  </datafield>
  <datafield tag="700" ind1=" " ind2=" ">
    <subfield code="a">Beran J.</subfield>
    <subfield code="9">162723</subfield>
  </datafield>
  <datafield tag="906" ind1=" " ind2=" ">
    <subfield code="d">B:107080079803-Oct-2007</subfield>
    <subfield code="c">IT</subfield>
    <subfield code="b">929.708</subfield>
  </datafield>
  <datafield tag="999" ind1=" " ind2=" ">
    <subfield code="c">317469</subfield>
    <subfield code="d">317469</subfield>
  </datafield>
  <datafield tag="952" ind1=" " ind2=" ">
    <subfield code="0">0</subfield>
    <subfield code="1">0</subfield>
    <subfield code="4">0</subfield>
    <subfield code="7">0</subfield>
    <subfield code="a">CCEP</subfield>
    <subfield code="b">CCEP</subfield>
    <subfield code="d">2007-10-15</subfield>
    <subfield code="e">Varma Book Distributors</subfield>
    <subfield code="f">IT</subfield>
    <subfield code="g">3718.83</subfield>
    <subfield code="i">1070800798</subfield>
    <subfield code="l">0</subfield>
    <subfield code="o">781.2</subfield>
    <subfield code="p">CCEP-BK-28676</subfield>
    <subfield code="r">2023-07-18 00:00:00</subfield>
    <subfield code="t">929.708</subfield>
    <subfield code="v">4648.54</subfield>
    <subfield code="w">2007-10-03</subfield>
    <subfield code="y">BK</subfield>
    <subfield code="z">028676</subfield>
  </datafield>
</record>
